00625nam a2200217Ii 4500999001500000001000800015003000400023005001700027008004100044040002300085092001600108100004300124245006200167250001300229260004300242300001800285500001200303504004000315630004000355942001200395 c9724d97245144065OSt20210121183350.0790706r1888 vau 000 0 eng d aSTScSTSdm/cdCDC a225.4bV7751 aVincent, Marvin Richardson,d1834-192210aWord studies in the New Testament /cby Marvin R. Vincent a[2d ed.] aMcLean, VA :bMacDonald Pub.,c[1888?] a4 v. ;c23 cm aReprint aIncludes bibliographies and indexes00aBible.pNew TestamentxCommentaries 2ddccBK